01177nam a2200193Ia 4500001001100000003001000011008004100021040002500062041001300087100002700100245010500127250001100232260007600243300001200319500026200331501011400593520026200707650001400969L268-28680IT-CnALBA170116s9999||||xx |||||||||||||| ||und|| aIT-CnALBAcIT-CnALBA aITALIANO aZOFFOLI P. ENRICO, CP. 0aMAGISTERO DEL PAPA E CATECHESI DI KIKO ARGUELLO. CONFRONTO A PROPOSITO DEL CAMMINO NEOCATECUMENALE.  a1a ed. a UDINEbSEGNO, EDIZIONI c1992 [1° Ed.:1992 - Ed.Ling.Originale: 1992] a154 p.  aCHIESA CATTOLICA, UNICO OVILE DI CRISTO. PAROLA DI DIO E MAGISTERO ECCLESIASTICO. STRUTTURA GERARCHICA DELLA CHIESA. SACERDOZIO MINISTERIALE E COMUNE. IL PECCATO. LA CONVERSIONE. ESPIAZIONE. EUCARISTIA. PENITENZA. GRAZIA, SANTITÀ, LIBERO ARBITRIO. DEVOZIO aSocietà San Paolo EM - Piazza San Paolo, 14 - 12051 ALBA (CN) (non commercial uses only) ® Copyright 2017 aCHIESA CATTOLICA, UNICO OVILE DI CRISTO. PAROLA DI DIO E MAGISTERO ECCLESIASTICO. STRUTTURA GERARCHICA DELLA CHIESA. SACERDOZIO MINISTERIALE E COMUNE. IL PECCATO. LA CONVERSIONE. ESPIAZIONE. EUCARISTIA. PENITENZA. GRAZIA, SANTITÀ, LIBERO ARBITRIO. DEVOZIO aCATECHESI